| 000 | 00620nam a2200181Ia 4500 | ||
|---|---|---|---|
| 008 | 140609s9999 xx 000 0 und d | ||
| 020 | _a9789712717727 | ||
| 050 |
_aDS 668.6167 _b.P644 2006 |
||
| 100 | _aPimentel, Benjamin. | ||
| 245 |
_aUG an underground tale : _bthe journey of Edgar Jopson and the FirstQuarter Storm Generation / _cBenjamin Pimentel |
||
| 260 |
_aManila, Philippines : _bAnvil Pub., _cc2006. |
||
| 300 |
_a238 p. : _bill. ; _c23 cm. |
||
| 500 | _aIncludes glossary. | ||
| 521 | _aGE | ||
| 650 |
_aPhilippines _xPolitics and government -- 1946-. |
||
| 942 |
_kLOC _cBK |
||
| 999 |
_c117887 _d117887 |
||